Servicios: la nueva economía

Збережено в:
Бібліографічні деталі
Автори: Stanback, Thomas M (Автор), Bearse, Peter J (Автор), Noyelle, Thierry J (Автор), Karasek, Robert A (Автор)
Формат: Книга
Мова:Іспанська
Опубліковано: Ciudad de México Publigrafics 1984
Предмети:
Теги: Додати тег
Немає тегів, Будьте першим, хто поставить тег для цього запису!

MARC

LEADER 00000nam a2200000 a 4500
001 UCR9299
003 CL-VaPUC
008 980613e19840000MX |||||||||||||||||spa|d
082 0 4 |a 330.973  |b STA  |2 21 
100 0 |a Stanback, Thomas M  |e author  |9 411666 
700 0 |a Bearse, Peter J  |e author  |9 411667 
700 0 |a Noyelle, Thierry J  |e author  |9 411668 
700 0 |a Karasek, Robert A  |e author  |9 411669 
245 1 0 |a Servicios: la nueva economía 
300 |a 159 p 
942 |c BK 
945 |d 19980613 00:00:00  |a crobeson 
260 |a Ciudad de México  |b Publigrafics  |c 1984 
650 7 |a INDUSTRIAS DE SERVICIOS  |2 CL-VaPUC  |9 329480 
650 7 |a SERVICIOS  |2 CL-VaPUC  |9 333888 
650 0 |a Condiciones económicas  |9 258255 
651 0 |a Estados Unidos  |9 255178 
583 |a last modification  |c 19980613 00:00:00  |k Rodrigo Vera 
999 |c 270499  |d 270497